中国海军现役大中舰船潜艇型号 Types of China Navy combat ships/submarines currently - Statistics

General Stats
  • This quiz has been taken 56 times
  • The average score is 15 of 32
Answer Stats
类型 型号 首舰 服役年份 数量 满载排水量 % Correct
驱逐舰 055 101 南昌 2020 8 13000
100%
驱逐舰 052 112 哈尔滨 1994 2 4800
98%
驱逐舰 052D 172 昆明 2014 25 7500
94%
航空母舰 001 16 辽宁 2012 1 60900
92%
航空母舰 002 17 山东 2019 1 ~65000
92%
护卫舰 054 525 马鞍山 2005 2 3900
88%
驱逐舰 052C 170 兰州 2005 6 7000
86%
驱逐舰 052B 168 广州 2004 2 6800
82%
护卫舰 054A 529 舟山 2008 40 4100
73%
小型护卫舰 056 580 大同 2013 22 1440
73%
攻击型核潜艇 093 长征7 2006 2 6100
53%
弹道导弹核潜艇 094/094A 长征11 2007 6 11000
53%
驱逐舰 051B 167 深圳 1999 1 6600
51%
小型护卫舰 056A 502 黄石 2014 50 1440
49%
驱逐舰 051C 115 沈阳 2006 2 7000
47%
攻击型核潜艇 091 长征3 1984 3 5550
47%
驱逐舰 956E(现代) 136 杭州 2000 2 7900
41%
驱逐舰 956EM(现代) 138 泰州 2006 2 7900
41%
攻击型潜艇 039 长城 320 1999 1 2250
33%
护卫舰 053H3 521 嘉兴 1999 8 2400
29%
攻击型核潜艇 093A 长征10 2012 4 6100
29%
攻击型潜艇 039A 长城 330 2006 4 3600
20%
攻击型潜艇 039B 长城 334 2011 14 3600
20%
护卫舰 053H1 553 韶关 1985 1 1729
20%
弹道导弹潜艇 032 远征 201 2012 1 6600
16%
攻击型潜艇 039C ? 2022 3 3600
16%
护卫舰 053H1G 558 北海 1993 2 1729
14%
攻击型潜艇 636M(基洛) 长城 366 1997 10 3100
8%
攻击型潜艇 039G 长城 321 2001 5 2250
6%
攻击型潜艇 035A 长城 358 1993 10 2113
4%
攻击型潜艇 035B 长城 310 2001 4 2113
2%
攻击型潜艇 039G1 长城 314 2003 7 2250
2%
No matching quizzes found
Score Distribution
Percent of People with Each Score
Percentile by Number Answered
Your Score History
You have not taken this quiz